| 000 | 00000nam##2200000za#4500 |
| 001 | 9.602094 |
| 003 | CaOODSP |
| 005 | 20210624210409 |
| 007 | cr ||||||||||| |
| 008 | 150406|2000||||xxc|||||o f|0| 0 fre|d |
| 040 | |aCaOODSP|bfre |
| 043 | |an-cn--- |
| 086 | 1 |aEn1-35/1-2001F-PDF |
| 110 | 1 |aCanada. |bEnvironnement Canada. |
| 245 | 13|aLa santé et à l'environnement / |h[ressource électronique]|c[produit par la] Programme d'animation communautaire (PAC), initiative conjointe de Santé Canada et d'Environnement Canada. |
| 260 | |aDartmouth - Nouvelle-Écosse : |bEnvironnement Canada |c2000. |
| 300 | |a30p. |
| 490 | 1 |aDocumentation pour la recherche |
| 590 | |a11-17-Supp|b2011-09-12 |
| 691 | 07|aSanté|2gcpds |
| 691 | 07|aEnvironnement|2gcpds |
| 775 | 08|tLinks between human health and the environment / |w(CaOODSP)9.571503 |
| 776 | 0#|tLa santé et à l'environnement |w(CaOODSP)9.625619 |
| 830 | #0|aDocumentation pour la recherche.|w(CaOODSP)9.502873 |
| 856 | 40|ahttp://publications.gc.ca|qPDF|s227 Ko|uhttps://publications.gc.ca/collections/Collection/EN1-35-1-2001F.pdf |